|
|
|
|
| LEADER |
00718nam a22002051 4500 |
| 001 |
c000055484 |
| 003 |
CARM |
| 005 |
00000000000000.0 |
| 008 |
s1931 nyu 0 eng d |
| 019 |
1 |
|
|a 24103824
|z 4151781
|5 LACONCORD2021
|
| 035 |
|
|
|a (OCoLC)2866533
|5 LACONCORD2021
|
| 100 |
1 |
|
|a Haddock, Marshall Henry.
|
| 245 |
1 |
0 |
|a Deep borehole surveys and problems.
|
| 260 |
|
|
|a N.Y. :
|b McGraw-Hill,
|c 1931.
|
| 500 |
|
|
|a Xerographic copy.
|
| 650 |
|
0 |
|a Boring.
|
| 852 |
8 |
|
|b CARM
|h A2:AI01A0
|i B04064
|p 0189338
|f BK
|
| 082 |
0 |
4 |
|a 622.24
|
| 999 |
f |
f |
|i 6c562521-7130-5422-953d-6f42e6fd4be9
|s ebf5931c-d96c-5be3-825b-d16e82577fcd
|
| 952 |
f |
f |
|p Can circulate
|a CAVAL
|b CAVAL
|c CAVAL
|d CARM 1 Store
|e B04064
|f A2:AI01A0
|h Other scheme
|i book
|m 0189338
|